LEADER 01414nam 2200385 450 001 000005941 005 20050718115200.0 010 $a88-453-0750-6 100 $a20001116d1995----km-y0itay0103----ba 101 0 $aita 102 $aIT 200 1 $aIntonaco: una superficie di sacrificio$fGiovanni Walter Palestra 205 $a1. ed. 210 $aMilano$cETAS LIBRI$d1995 215 $aXIV, 287 p.$cill.$d24 cm. 225 1 $aScienze del territorio$fcollana diretta da Claudio Baracca e Massimo Giuliani$iArchitettura, urbanistica e ambiente 606 $aIntonaci 676 $a693.6$v(20. ed.)$9Costruzione in specifici tipi di materiale e per specifici scopi. Intonaco, stucco, canniccio 700 1$aPalestra,$bGiovanni Walter$0439666 801 0$aIT$bUniversitą della Basilicata - B.I.A.$gRICA$2unimarc 912 $a000005941 996 $aIntonaco$9725458 997 $aUNIBAS BAS $aMONING BAS $aMONOGR BAS $aINGEGNERIA CAT $aDAURIA$b01$c20001116$lBAS01$h1543 CAT $aTORRE$b20$c20001205$lBAS01$h1159 CAT $c20050601$lBAS01$h1753 CAT $abatch$b01$c20050718$lBAS01$h1049 CAT $c20050718$lBAS01$h1108 CAT $c20050718$lBAS01$h1138 CAT $c20050718$lBAS01$h1152 FMT Z30 -1$lBAS01$LBAS01$mBOOK$1BASA2$APolo Tecnico-Scientifico$2DID$BDidattica$3PTS.s1.p48.9$682652$5I82652$820001116$f04$FPrestabile Didattica LEADER 05875nam 2200661 450 001 9910814852603321 005 20230215183732.0 010 $a3-03813-518-6 035 $a(CKB)2670000000348297 035 $a(EBL)1872596 035 $a(SSID)ssj0000760371 035 $a(PQKBManifestationID)11425230 035 $a(PQKBTitleCode)TC0000760371 035 $a(PQKBWorkID)10810695 035 $a(PQKB)11511329 035 $a(Au-PeEL)EBL1872596 035 $a(CaPaEBR)ebr10777729 035 $a(OCoLC)897640732 035 $a(MiAaPQ)EBC1872596 035 $a(EXLCZ)992670000000348297 100 $a20120207h20102010 uy 0 101 0 $aeng 135 $aur|n|---||||| 181 $ctxt 182 $cc 183 $acr 200 10$aDiffusion in solids and liquids VI $eselected, peer reviewed papers from the 6th International Conference on Diffusion in Solids and Liquids : mass transfer, heat transfer, microstructure & properties, nanodiffusion and nanostructured materials : DSL-2010, 5-7 July 2010, Paris, France /$fedited by Andreas Ochsner, Graeme E. Murch, Joao M.P.Q. Delgado 210 1$aDurnten-Zurich, Switzerland ;$aEnfield, New Hampshire :$cTrans Tech Publications,$d[2010] 210 4$d©2010 215 $a1 online resource (1281 p.) 225 1 $aDiffusion and defect data. Pt. A, Defect and diffusion forum,$x1012-0386 ;$vv. 312-315 300 $aDescription based upon print version of record. 311 $a3-03785-117-1 320 $aIncludes bibliographical references and indexes. 327 $aDiffusion in Solids and Liquids VI; Preface and Organizing Committees; Table of Contents; Effect of Catalyst Diffusion Coefficient on Ethylbenzene Dehydrogenation; Investigation of the Effect of Diffusion Process in the Catalyst Pellet on Overall Reaction Rate of Dehydrogenation of Diethylbenzne to Divinylbenzne; Diffusion Layers with Ti and Ti+Al Formed on 316L Austenitic Steel by a Pack Cementation Procedure; Influence of Important Nanoemulsions pH on Performance of Nanostructures Catalysts for H2 Production in Syngas Reactions; Cosmic Censorship!: Thermal Transport in a 'Naked' Black Hole 327 $aAssessment of Thermal Non-Equilibrium Condition on Heat Transfer through a Channel Lined with Porous Media - Constant Wall TemperatureComputational Algorithms for Topological Cycle Indices of Tert-Butyl Alcohol by Computational Science; Comparison of the Breakthrough Curves Obtained by ASTM D2007-03 Annex 1 and on a Bench Unit for the Selection of Adsorbents for the Removal of Nitrogen and Sulfur Contaminants from Fuels; Application of Thermo-Mechanical Process to Achieve Nanostructure in 301 Austenitic Stainless Steels 327 $aPhase Transformations on ASTM a 744 Gr. CN3MN Superaustenitic Stainless Steel after Heat TreatmentCalculation of the Diffusion Coefficient of Uranium in Compacted Clay: Effect of the Temperature; Surface Characterization of a Nitrided Low Alloy Steel; Formation of Zirconia and Titania Nanotubes in Fluorine Contained Glycerol Electrochemical Bath; Grain Boundary Parameters in Sandstone and Limestone; Electrochemical Mass Transfer Measurements of CO2 in MDEA Solutions; Simulation of VOCs Recovery Process by Absorption; The Effect of Stabiliser's Molarity to the Growth of ZnO Nanorods 327 $aAligned Growth of Zinc Oxide Nanorods on Catalyst-Seeded Si Substrate by Aqueous-Solution Immersion MethodMicrostructure-Toughness Relationship in AISI4340 Steel; Studies of Ionic Conductivity and Dielectric Behavior in Polyacrylonitrile Based Solid Polymer Electrolytes; Hydrodynamic Simulation of Drift Mobility in N-Hg0.8Cd0.2Te; Composition Dependent Diffusivities in Multi-Component Systems; In Situ Simulation by RHEED and Photoemission of GaAs (001) ?2(2x4) Reconstructed Surface; Determination of PBP by Using a Nano SiO2/GC Modified Electrode 327 $aMolecular Dynamics Simulation of Solidification of Ag-x%Au NanoalloyDiffusion of Hydrogen in Amorphous Ni-Zr Alloys; Effect of the Latent Heat on Wax Deposit in Pipelines; Polyol-Mediated Synthesis of TiO2 Nanoparticles; Study of Semisolid and ECAP Processes on Al-Fe-Si Alloy - Microstructure and Kinetic Grain Growth; Phase and Amplitude Control of Optical Properties of Quantum Dot Molecules; Heat Transfer in Nanocomposites with Monte-Carlo Simulations; The Influence of Rubber Blend Aging and Sample Homogeneity on Heat Transport Phenomena 327 $aExperimental and Theoretical Research of the Shell Side Heat Transfer Coefficient and Pressure Drop in a Plastic Shell and Tube Heat Exchanger 330 $aThe goal of this special collection of peer-reviewed papers was to provide an unique opportunity to exchange information, to present the latest results and to review relevant issues in contemporary diffusion research. The result is a work which will provide valuable insights into this subject. Review from Book News Inc.: This two volume set representing the proceedings of the Sixth International Conference on Diffusion in Solids and Liquids, held in July 2010 in Paris, France, showcases refereed papers on a variety of subjects in research and application of diffusion principles. Articles addre 410 0$aDiffusion and defect data.$nPt. A,$pDefect and diffusion forum ;$vv. 312/315.$x1012-0386 606 $aDiffusion$vCongresses 606 $aKirkendall effect$vCongresses 615 0$aDiffusion 615 0$aKirkendall effect 676 $a530.415 701 $aDelgado$b Joa?o M. P. Q$0780973 701 $aMurch$b G. E$01602344 701 $aO?chsner$b Andreas$0317948 712 12$aInternational Conference on Diffusion in Solids and Liquids 801 0$bMiAaPQ 801 1$bMiAaPQ 801 2$bMiAaPQ 906 $aBOOK 912 $a9910814852603321 996 $aDiffusion in solids and liquids VI$93926293 997 $aUNINA